000 00249nam a2200109Ia 4500
008 220216s9999 xx 000 0 und d
100 _aJoseph C J
245 0 _aCompany niyamangalil maatangal
260 _bRubber
_c2013
300 _a15
942 _cJS
999 _c55906
_d55906